| 000 | 01016nam a22002777a 4500 | ||
|---|---|---|---|
| 005 | 2010082302552.0 | ||
| 010 | _aENG-101308 | ||
| 020 | _c500.00 | ||
| 035 | _aEN-84841 | ||
| 037 | _bDBAD/PUB | ||
| 082 | _a347.052 | ||
| 100 |
_aManohar _916797 |
||
| 245 |
_aThe AIR manual : _bunrepealed central acts (civil and criminal) / _cby Manohar [and] Chitaley |
||
| 250 | _a6th ed | ||
| 260 |
_aNagpur _bThe All India Reporter _c2004 |
||
| 270 |
_aPost Box No. 209, Congress Nagar _bNagpur _e440012 |
||
| 300 |
_av.14 (xiv,1204p.) _c25cm (Hb) |
||
| 490 |
_aAIR publication _916798 |
||
| 505 | _aV.14- Constitution of India Article 311, Note 69 to contract Act (1872), Section 36 | ||
| 650 |
_aLaw _916799 |
||
| 650 |
_aCivil law _916800 |
||
| 650 |
_aCriminal law _916801 |
||
| 700 |
_aChitaley _916093 |
||
| 942 |
_2ddc _cEN _h347.052 _mMAN |
||
| 999 |
_c42955 _d42955 |
||